Die Unruhe der Stella Federspiel : Roman /

Hlavní autor: Jungk, Peter Stephan, 1952-
Jazyk: Němčina
Vydáno: München : List Verlag, 1996
Vydání: 2. Aufl.
Témata:
Fyzický popis: 242 s.
Knihy
Uloženo v:
LEADER 00753nam a2200241 a 4500
001 000987215
003 CZ BrMZK
005 20150806151551.0
007 ta
008 010825s1996 gw f 000 0 ger d
020 |a 3-471-79333-x 
040 |a BOA001  |b cze 
100 1 |a Jungk, Peter Stephan,  |d 1952-  |7 jn20020118006  |4 aut 
245 1 4 |a Die Unruhe der Stella Federspiel :  |b Roman /  |c Peter Stephan Jungk 
250 |a 2. Aufl. 
260 |a München :  |b List Verlag,  |c 1996 
300 |a 242 s. 
541 |a 22.7.1998 
655 7 |a romány  |7 fd133289  |2 czenas 
910 |a BOA001  |b NK-0003.047 
990 |a BK 
991 |z 000016015  |x 44 
996 7 |b 261D003850  |c NK-0003.047  |l Německá knihovna/2.patro  |r ZHR  |n 3  |p {B-03.047}  |h B-jun  |w 000987215  |u 000010  |a 0  |e BOA001  |j MZK50  |s A